000 00621nam a2200229Ia 4500
003 OSt
005 20220930203727.0
006 a|||||r|||| 00| 0
007 ta
008 220926b |||||||| |||| 00| 0 hin d
024 _a79536
037 _cDissertations
040 _aCRL
_cCRL
_bhin
041 _2hin
_ahin
100 _aSaxena Vandana
_9338955
245 0 _aVrind ki neeti satsai mein bimb vidhan
260 _c1999
650 _aHINDI LITERATURE
_923866
700 _a Dr Puran Chand Tandon Gu.
_9528444
942 _cDIS
_2CC
999 _c905040
_d905040